[Event "Olomouc Chess Summer 2012 - Valoz Cup"]
[Site "Olomouc (CZE), Hotel Flora"]
[Date "2012.08.04"]
[Round "4.1"]
[White "Givon, Asaf"]
[Black "Biolek, Richard"]
[Result "1/2-1/2"]
[WhiteElo "2340"]
[BlackElo "2409"]
[PlyCount "73"]
[EventDate "2012.08.01"]

1. e4 e5 2. Nf3 Nc6 3. Bc4 Nf6 4. d3 Be7 5. O-O O-O 6. Bb3 d6 7. c3 h6 8. Nbd2
Nh7 9. Nc4 Ng5 10. Nxg5 Bxg5 11. f4 exf4 12. Bxf4 Be6 13. d4 Bxf4 14. Rxf4 Qg5
15. Qf3 Na5 16. h4 Qb5 17. Nxa5 Qxa5 18. Rf1 Bxb3 19. axb3 Qb5 20. b4 Rae8 21.
Rf5 Qc4 22. Re1 Qb3 23. Re2 Re7 24. Qd3 Rfe8 25. Ra5 Qe6 26. Rxa7 Qg4 27. Rxb7
Rxe4 28. Rxe4 Rxe4 29. Rb8+ Kh7 30. Re8 f5 31. Rxe4 fxe4 32. Qh3 Qe2 33. Qf5+
Kh8 34. Qf8+ Kh7 35. Qf5+ Kh8 36. Qc8+ Kh7 37. Qf5+ 1/2-1/2

[Event "Olomouc Chess Summer 2012 - Valoz Cup"]
[Site "Olomouc (CZE), Hotel Flora"]
[Date "2012.08.04"]
[Round "4.2"]
[White "Chernyshov, Konstantin"]
[Black "Bures, Jaroslav"]
[Result "1-0"]
[WhiteElo "2534"]
[BlackElo "2392"]
[PlyCount "147"]
[EventDate "2012.08.01"]

1. Nf3 Nf6 2. c4 g6 3. b4 Bg7 4. Bb2 O-O 5. Qb3 d6 6. e3 e5 7. Nc3 e4 8. Ng5
Qe7 9. d3 exd3 10. Bxd3 a5 11. a3 axb4 12. axb4 Rxa1+ 13. Bxa1 Ng4 14. Nge4 c6
15. O-O f5 16. Nd2 Nd7 17. h3 Nge5 18. Be2 Nf6 19. Bb2 Be6 20. Qc2 d5 21. cxd5
Nxd5 22. Nxd5 Bxd5 23. Bxe5 Bxe5 24. Bc4 Qxb4 25. Bxd5+ cxd5 26. Nf3 Bf6 27.
Rb1 Qe4 28. Qa2 Rf7 29. Qa8+ Kg7 30. Rxb7 Rxb7 31. Qxb7+ Kg8 32. Qa6 Kf7 33.
Nd2 Qb4 34. Qa7+ Ke6 35. Nf3 Qe7 36. Qa8 Qd7 37. Qb8 Qe7 38. g3 Kf7 39. h4 Kg7
40. Qb5 Qd8 41. Qc5 Qd7 42. Nd4 Bxd4 43. Qxd4+ Kf7 44. Qh8 Ke6 45. Kg2 h5 46.
Kf3 Qa4 47. Qg8+ Kf6 48. Qxd5 Qg4+ 49. Kg2 Qe2 50. Qg8 Qa6 51. Qf8+ Ke6 52. Qg7
Qc6+ 53. Kh2 Kd5 54. Qe7 Kc4 55. Qd8 Kb5 56. Qd4 Ka5 57. Kg1 Ka6 58. Kf1 Kb7
59. Ke2 Kc8 60. e4 fxe4 61. Ke3 Qa6 62. Qxe4 Qb6+ 63. Qd4 Qe6+ 64. Kd3 Qf5+ 65.
Kd2 Qe6 66. Qc5+ Kd7 67. Kc3 Qe1+ 68. Kd3 Qd1+ 69. Ke3 Qg1 70. Kf4 Qd1 71. Kg5
Qg4+ 72. Kf6 Qe6+ 73. Kg7 Qe4 74. Qg5 1-0

[Event "Olomouc Chess Summer 2012 - Valoz Cup"]
[Site "Olomouc (CZE), Hotel Flora"]
[Date "2012.08.04"]
[Round "4.3"]
[White "Simantsev, Mikhail"]
[Black "Ponizil, Cyril"]
[Result "1/2-1/2"]
[WhiteElo "2526"]
[BlackElo "2396"]
[PlyCount "47"]
[EventDate "2012.08.01"]

1. d4 Nf6 2. c4 g6 3. Nc3 d5 4. Nf3 Bg7 5. Bf4 O-O 6. e3 c5 7. dxc5 Qa5 8. Rc1
dxc4 9. Bxc4 Qxc5 10. Bb3 Nc6 11. O-O Qa5 12. h3 Bf5 13. Qe2 Ne4 14. Nxe4 Bxe4
15. Rfd1 Qh5 16. Rd7 Bxf3 17. Qxf3 Qxf3 18. gxf3 Bxb2 19. Rc2 Bf6 20. Rxb7 Na5
21. Rb5 Nxb3 22. Rxb3 h5 23. Rc5 Rfd8 24. Ra5 1/2-1/2

[Event "Olomouc Chess Summer 2012 - Valoz Cup"]
[Site "Olomouc (CZE), Hotel Flora"]
[Date "2012.08.04"]
[Round "4.4"]
[White "Steinberg, Nitzan"]
[Black "Ben Artzi, Ido"]
[Result "1-0"]
[WhiteElo "2343"]
[BlackElo "2268"]
[PlyCount "119"]
[EventDate "2012.08.01"]

1. e4 d6 2. d4 Nf6 3. Nc3 g6 4. Be3 c6 5. a4 Bg7 6. h3 Qa5 7. Bd3 Nbd7 8. Nf3
O-O 9. O-O e5 10. Qd2 Re8 11. Rfe1 a6 12. Bc4 Nf8 13. d5 c5 14. Bf1 N8d7 15.
Ra3 Rf8 16. Qc1 Ne8 17. Nd2 f5 18. Nc4 Qc7 19. exf5 gxf5 20. a5 b5 21. axb6
Nxb6 22. Bh6 Nxc4 23. Bxc4 f4 24. Bg5 Qf7 25. Ne4 Qg6 26. g4 h6 27. Bh4 h5 28.
Bd3 Bf5 29. f3 hxg4 30. hxg4 c4 31. Kf2 cxd3 32. gxf5 Rxf5 33. Rg1 Qh6 34. Bg5
Qh2+ 35. Rg2 Qh5 36. Rxd3 Kf8 37. Rd1 Rc8 38. c4 Rb8 39. Qc2 Bh6 40. Bxh6+ Qxh6
41. Rdg1 Qh7 42. c5 Rf7 43. Rg8+ Qxg8 44. Rxg8+ Kxg8 45. c6 Rh7 46. Kf1 Rg7 47.
b3 Rb5 48. Nc3 Ra5 49. Qf5 Ra1+ 50. Ke2 Nc7 51. Kd3 Re1 52. Kc4 Rc1 53. Kd3 Re1
54. Qc8+ Kh7 55. Qh3+ Kg8 56. Ne4 Nxd5 57. Qe6+ Kh8 58. Qxd5 Rd1+ 59. Nd2 Rg2
60. Ke4 1-0

[Event "Olomouc Chess Summer 2012 - Valoz Cup"]
[Site "Olomouc (CZE), Hotel Flora"]
[Date "2012.08.04"]
[Round "4.5"]
[White "Bae, Torstein"]
[Black "Krejci, Jan"]
[Result "0-1"]
[WhiteElo "2420"]
[BlackElo "2503"]
[PlyCount "108"]
[EventDate "2012.08.01"]

1. e4 c5 2. Nf3 e6 3. d4 cxd4 4. Nxd4 Nc6 5. Nc3 Qc7 6. Be2 a6 7. O-O Nf6 8.
Be3 Bb4 9. Na4 O-O 10. Nxc6 bxc6 11. Nb6 Rb8 12. Nxc8 Rfxc8 13. Bxa6 Rf8 14.
Bd3 Bd6 15. h3 Be5 16. a4 Bxb2 17. Ra2 Bc3 18. Bd2 Ba5 19. Qe2 d6 20. Bg5 Nd7
21. Qg4 Kh8 22. h4 Bc3 23. h5 h6 24. Bf4 Ra8 25. Qg3 Be5 26. Bxe5 Nxe5 27. Be2
Ra5 28. Qe3 Nd7 29. Rd1 Nf6 30. Qd4 Rd8 31. f4 e5 32. fxe5 Rxe5 33. Bf3 Nxh5
34. a5 Ng3 35. a6 d5 36. a7 Rxe4 37. Qc5 Ra8 38. Bxe4 Nxe4 39. Qe3 f5 40. Rb1
Kh7 41. Qd4 Nf6 42. Rf1 Ng4 43. Qf4 Qb6+ 44. Kh1 g6 45. Qa4 Qc7 46. Qf4 Rxa7
47. Rxa7 Qxa7 48. Qd6 h5 49. Qxc6 Qe7 50. Rb1 Qh4+ 51. Kg1 Qh2+ 52. Kf1 Qh1+
53. Ke2 Qxg2+ 54. Kd1 Qg1+ 0-1

[Event "Olomouc Chess Summer 2012 - Valoz Cup"]
[Site "Olomouc (CZE), Hotel Flora"]
[Date "2012.08.04"]
[Round "4.6"]
[White "Duda, Jan-Krzysztof"]
[Black "Arutinian, David"]
[Result "1/2-1/2"]
[WhiteElo "2411"]
[BlackElo "2558"]
[PlyCount "77"]
[EventDate "2012.08.01"]

1. e4 c5 2. Nf3 e6 3. d4 cxd4 4. Nxd4 a6 5. Bd3 Nf6 6. O-O e5 7. Bg5 h6 8. Bxf6
Qxf6 9. Nf5 g6 10. Ne3 Bc5 11. Nc3 d6 12. Ncd5 Qd8 13. b4 Ba7 14. a4 Be6 15. a5
Nc6 16. c3 Rc8 17. Bc2 Ne7 18. Ba4+ Kf8 19. Bb3 Kg7 20. Rc1 Nxd5 21. Nxd5 Qh4
22. Qd3 Rhf8 23. Rb1 f5 24. Nb6 Bxb6 25. Bxe6 Bxf2+ 26. Kh1 fxe4 27. Qxd6 Rce8
28. Qxe5+ Kh7 29. Qc7+ Re7 30. Qd6 e3 31. Bg4 h5 32. Be2 Rf4 33. h3 Ref7 34.
Qe6 R4f6 35. Qe8 Rf8 36. Qe7+ R8f7 37. Qe8 Rf8 38. Qe7+ R8f7 39. Qe8 1/2-1/2

[Event "Olomouc Chess Summer 2012 - Prima Pack "]
[Site "Olomouc (CZE), Hotel Flora"]
[Date "2012.08.04"]
[Round "4.2"]
[White "Biolek, Richard"]
[Black "Bjerke, Silje"]
[Result "1-0"]
[WhiteElo "2446"]
[BlackElo "2235"]
[PlyCount "85"]
[EventDate "2012.08.01"]

1. e4 e5 2. Nf3 Nc6 3. Bb5 a6 4. Ba4 Nf6 5. O-O Be7 6. Re1 b5 7. Bb3 O-O 8. d3
d6 9. c3 Na5 10. Bc2 c5 11. Nbd2 Nc6 12. Nf1 h6 13. h3 Be6 14. Qe2 Re8 15. a4
d5 16. Ng3 Rb8 17. axb5 axb5 18. Nh4 Bf8 19. Nhf5 Kh8 20. Qf3 Ng8 21. Ne3 Nf6
22. Ng4 Nxg4 23. hxg4 g6 24. Nf5 gxf5 25. gxf5 dxe4 26. dxe4 Bc8 27. g4 Kg8 28.
Kg2 Qf6 29. Rh1 Bg7 30. Rh5 Qd6 31. Be3 Nd8 32. Rah1 Rb6 33. Qh3 Qf8 34. g5 Kh7
35. Qg3 Qg8 36. R1h4 f6 37. g6+ Kh8 38. Bxh6 Bxh6 39. g7+ Qxg7 40. Rxh6+ Kg8
41. Rh8+ Kf7 42. Qxg7+ Kxg7 43. R4h7# 1-0

[Event "Olomouc Chess Summer 2012 - Prima Pack C"]
[Site "Olomouc (CZE), Hotel Flora"]
[Date "2012.08.04"]
[Round "4.3"]
[White "Villegas, Pierre"]
[Black "Klima, Lukas"]
[Result "1-0"]
[WhiteElo "2249"]
[BlackElo "2372"]
[PlyCount "71"]
[EventDate "2012.08.01"]

1. d4 Nf6 2. c4 e6 3. Nc3 Bb4 4. Qc2 O-O 5. a3 Bxc3+ 6. Qxc3 b6 7. Bg5 Bb7 8.
e3 d6 9. Ne2 Nbd7 10. Qc2 c5 11. Rd1 Qc7 12. Nc3 a6 13. f3 Rac8 14. Qd2 h6 15.
Bh4 d5 16. cxd5 exd5 17. Be2 Rfe8 18. O-O c4 19. Bg3 Qc6 20. Rfe1 b5 21. Bf1
Qb6 22. Rb1 Bc6 23. b4 a5 24. bxa5 Qxa5 25. Bd6 Re6 26. Bb4 Qa8 27. g3 Nb8 28.
Bh3 Rce8 29. Bxe6 Rxe6 30. Bc5 Nbd7 31. Nxb5 Nxc5 32. dxc5 Bxb5 33. Rxb5 Qxa3
34. Qb2 Qxb2 35. Rxb2 d4 36. Rb4 1-0

[Event "Olomouc Chess Summer 2012 - Prima Pack C"]
[Site "Olomouc (CZE), Hotel Flora"]
[Date "2012.08.04"]
[Round "4.4"]
[White "Chernyshova, Natalia"]
[Black "Jurek, Josef"]
[Result "1/2-1/2"]
[WhiteElo "2080"]
[BlackElo "2318"]
[PlyCount "88"]
[EventDate "2012.08.01"]

1. d4 Nf6 2. c4 e6 3. Nf3 b6 4. a3 Ba6 5. Nbd2 d5 6. e3 Be7 7. Bd3 c5 8. b3 O-O
9. Bb2 Nc6 10. O-O Rc8 11. Qe2 cxd4 12. Nxd4 Nxd4 13. Bxd4 dxc4 14. Nxc4 Bb7
15. Rfd1 Qd5 16. f3 Qh5 17. a4 Rfd8 18. Rac1 Nd7 19. Qb2 f6 20. b4 e5 21. Bc3
Nf8 22. Be2 Kh8 23. Rxd8 Rxd8 24. Rd1 Rxd1+ 25. Bxd1 e4 26. Qf2 Qd5 27. Be2
exf3 28. gxf3 Ne6 29. h4 Qf5 30. e4 Qh5 31. Ne3 Nf4 32. Bf1 a5 33. bxa5 Bc5 34.
Be1 bxa5 35. Qd2 Qe8 36. Bf2 Bb4 37. Qd4 Ne6 38. Qb6 Bc6 39. Nd5 Bxa4 40. Nxb4
axb4 41. Qxb4 h6 42. Bg3 Bd1 43. Bg2 Qd7 44. Qd6 Qxd6 1/2-1/2

[Event "Olomouc Chess Summer 2012 - Prima Pack C"]
[Site "Olomouc (CZE), Hotel Flora"]
[Date "2012.08.04"]
[Round "4.5"]
[White "Obsivac, Josef"]
[Black "Bartos, Jan"]
[Result "1-0"]
[WhiteElo "2280"]
[BlackElo "2211"]
[PlyCount "81"]
[EventDate "2012.08.01"]

1. d4 d5 2. c4 c6 3. Nf3 Nf6 4. Qb3 dxc4 5. Qxc4 b5 6. Qd3 e6 7. a4 a6 8. g3
Nbd7 9. Bg2 Bb7 10. O-O c5 11. Nbd2 cxd4 12. axb5 Nc5 13. Qxd4 axb5 14. Qxd8+
Rxd8 15. Ra7 Ra8 16. Rxa8+ Bxa8 17. Nd4 Bxg2 18. Kxg2 b4 19. Nc6 Na6 20. Rd1
Be7 21. Nc4 Ne4 22. f3 Nec5 23. Bf4 g5 24. Be3 Bf6 25. Nd6+ Kf8 26. Nxb4 Bxb2
27. Nxa6 Nxa6 28. Rb1 Ba3 29. Rb6 Bc5 30. Bxc5 Nxc5 31. Rb8+ Kg7 32. Rxh8 Kxh8
33. Nxf7+ Kg7 34. Nxg5 Kg6 35. h4 e5 36. Kf2 Nb3 37. Ke3 Nd4 38. Ne4 Kh5 39.
Nf6+ Kg6 40. Nd7 Kf5 41. g4+ 1-0

[Event "Olomouc Chess Summer 2012 - Open Olomouc"]
[Site "Olomouc (CZE), Hotel Flora"]
[Date "2012.08.04"]
[Round "3.1"]
[White "Zilka, Stepan"]
[Black "Goluch, Piotr"]
[Result "1/2-1/2"]
[WhiteElo "2517"]
[BlackElo "2250"]
[PlyCount "77"]
[EventDate "2012.08.02"]

1. d4 Nf6 2. c4 c5 3. d5 b5 4. cxb5 a6 5. bxa6 g6 6. Nc3 Bxa6 7. e4 Bxf1 8.
Kxf1 d6 9. Nf3 Nbd7 10. h3 Bg7 11. Kg1 O-O 12. Kh2 Nb6 13. Re1 Nfd7 14. Re2 Nc4
15. Rc2 Qa5 16. Qd3 Nde5 17. Nxe5 Nxe5 18. Qe2 Qa6 19. Qxa6 Rxa6 20. Bg5 f6 21.
Be3 Nc4 22. Re1 Nxe3 23. Rxe3 f5 24. exf5 Be5+ 25. Rxe5 dxe5 26. fxg6 hxg6 27.
a3 Rf4 28. f3 Rc4 29. Re2 Rb6 30. Kg3 Kf7 31. h4 Rd4 32. a4 Rdb4 33. a5 Ra6 34.
Rxe5 Rxb2 35. Ne4 c4 36. Ng5+ Ke8 37. Re4 Rxa5 38. Rxc4 Rxd5 39. Rg4 1/2-1/2

[Event "Olomouc Chess Summer 2012 - Open Olomouc"]
[Site "Olomouc (CZE), Hotel Flora"]
[Date "2012.08.04"]
[Round "3.2"]
[White "Furman, Boris"]
[Black "Plat, Vojtech"]
[Result "1-0"]
[WhiteElo "2255"]
[BlackElo "2480"]
[PlyCount "87"]
[EventDate "2012.08.02"]

1. d4 Nf6 2. c4 e6 3. Nc3 Bb4 4. Nf3 b6 5. Bg5 Bb7 6. e3 h6 7. Bh4 g5 8. Bg3
Ne4 9. Qc2 f5 10. Bd3 O-O 11. d5 exd5 12. cxd5 Bxd5 13. Bxe4 fxe4 14. O-O-O
Bxc3 15. Rxd5 Bg7 16. Qxe4 Qe8 17. Qxe8 Rxe8 18. h4 g4 19. Nh2 Re4 20. Bf4 Rb4
21. Nxg4 Kh7 22. Ne5 d6 23. Nd3 Ra4 24. Kb1 Nd7 25. Rc1 Nc5 26. f3 Rf8 27. Bg3
Bf6 28. b3 Ra3 29. Nxc5 bxc5 30. Rc4 Rg8 31. Rg4 Rxg4 32. fxg4 a5 33. Rf5 Bc3
34. Rf7+ Kg8 35. Rxc7 a4 36. Ra7 d5 37. Rxa4 Rxa4 38. bxa4 Bd2 39. Bf2 c4 40.
Kc2 Ba5 41. Bg3 Bd8 42. h5 Bb6 43. Bf4 Kh7 44. Kc3 1-0

[Event "Olomouc Chess Summer 2012 - Open Olomouc"]
[Site "Olomouc (CZE), Hotel Flora"]
[Date "2012.08.04"]
[Round "3.3"]
[White "Sivuk, Vitaly"]
[Black "Volodin, Viktor"]
[Result "1-0"]
[WhiteElo "2480"]
[BlackElo "2205"]
[PlyCount "61"]
[EventDate "2012.08.02"]

1. e4 c5 2. Nc3 Nc6 3. Bb5 g6 4. f4 Bg7 5. Nf3 d6 6. Bxc6+ bxc6 7. d3 Nf6 8.
O-O O-O 9. Qe1 Ne8 10. Kh1 Nc7 11. Bd2 Nb5 12. Qh4 Nd4 13. Rac1 e5 14. Qg3 Nxf3
15. Rxf3 f5 16. Rcf1 Be6 17. fxe5 Bxe5 18. Bf4 Bxf4 19. Rxf4 Qd7 20. h3 Rad8
21. exf5 Rxf5 22. Ne4 Kh8 23. Qh4 Rdf8 24. Rxf5 gxf5 25. Qf4 Qg7 26. Qxd6 Rg8
27. Rf2 Bd5 28. Nf6 Bxg2+ 29. Kh2 f4 30. Qxf4 Rf8 31. Qg3 1-0

[Event "Olomouc Chess Summer 2012 - Open Olomouc"]
[Site "Olomouc (CZE), Hotel Flora"]
[Date "2012.08.04"]
[Round "3.4"]
[White "Narayanan, Srinath"]
[Black "Bertram, Karsten"]
[Result "1-0"]
[WhiteElo "2399"]
[BlackElo "2177"]
[PlyCount "83"]
[EventDate "2012.08.02"]

1. e4 d5 2. exd5 Qxd5 3. Nc3 Qa5 4. d4 Nf6 5. Bd2 Qb6 6. Nf3 Bg4 7. Bc4 e6 8.
h3 Bh5 9. Qe2 c6 10. g4 Bg6 11. O-O-O Bb4 12. Ne5 Nbd7 13. h4 Bxc3 14. Bxc3 Be4
15. Nxd7 Kxd7 16. Rhe1 Bd5 17. Bd3 Bxa2 18. Kd2 Bd5 19. g5 Ne8 20. Ra1 Nd6 21.
Qe5 f6 22. gxf6 gxf6 23. Qxf6 Rhf8 24. Qe5 Rxf2+ 25. Re2 Raf8 26. b3 R8f4 27.
Rxf2 Rxf2+ 28. Ke1 Rf5 29. Bxf5 Nxf5 30. Qh8 Qd8 31. Qxh7+ Kd6 32. Rxa7 Qxh4+
33. Qxh4 Nxh4 34. Rxb7 c5 35. Rb6+ Bc6 36. dxc5+ Kxc5 37. Bd4+ Kd5 38. Bf2 Nf3+
39. Ke2 Ne5 40. c4+ Kd6 41. Bg3 Kc5 42. Ra6 1-0

[Event "Olomouc Chess Summer 2012 - Open Olomouc"]
[Site "Olomouc (CZE), Hotel Flora"]
[Date "2012.08.04"]
[Round "3.5"]
[White "Sochorova, Petra"]
[Black "Camarena Gimenez, Rufino"]
[Result "0-1"]
[WhiteElo "2214"]
[BlackElo "2396"]
[PlyCount "52"]
[EventDate "2012.08.02"]

1. e4 e6 2. d4 d5 3. e5 c5 4. Nf3 cxd4 5. Bd3 Ne7 6. Bf4 Nec6 7. O-O Be7 8. Bg3
Nd7 9. Nbd2 Nc5 10. Nb3 Nxd3 11. Qxd3 Bd7 12. Nbxd4 Nxd4 13. Nxd4 Rc8 14. Rfe1
O-O 15. a4 a6 16. Bf4 Qc7 17. Qg3 Kh8 18. c3 Qc4 19. a5 Ba4 20. Bg5 Bc5 21. Qh4
Bxd4 22. cxd4 Bc2 23. Be7 Rfe8 24. Ra3 Bg6 25. Bc5 Rxc5 26. Rc3 Qb4 0-1

[Event "Olomouc Chess Summer 2012 - Open Olomouc"]
[Site "Olomouc (CZE), Hotel Flora"]
[Date "2012.08.04"]
[Round "3.8"]
[White "Gagarin, Vasilij"]
[Black "Zavurka, Roman"]
[Result "1-0"]
[WhiteElo "2372"]
[BlackElo "2156"]
[PlyCount "97"]
[EventDate "2012.08.02"]

1. e4 b6 2. d4 Bb7 3. Bd3 Nf6 4. Qe2 Nc6 5. c3 e5 6. Nf3 d6 7. O-O Be7 8. d5
Nb8 9. c4 Nbd7 10. Nc3 O-O 11. h3 Nc5 12. Bc2 a5 13. Be3 Bc8 14. b3 Ne8 15. a3
g6 16. b4 Na6 17. c5 bxc5 18. bxc5 f5 19. cxd6 cxd6 20. Rab1 Bf6 21. Ba4 Qe7
22. Bc6 Rb8 23. Rxb8 Nxb8 24. Qb5 Nxc6 25. dxc6 fxe4 26. Nxe4 Bg7 27. Nfd2 Nf6
28. Qxa5 Bf5 29. Qb4 Rc8 30. Rc1 Nxe4 31. Nxe4 Bxe4 32. Qxe4 Qf7 33. Qg4 Qf5
34. c7 d5 35. a4 d4 36. Bd2 Qxg4 37. hxg4 Kf7 38. Ba5 Ke6 39. Bb6 d3 40. Kf1 e4
41. a5 Be5 42. Ke1 Kd7 43. a6 Bd6 44. a7 h5 45. gxh5 gxh5 46. Kd1 h4 47. Rc4 e3
48. Bxe3 Bxc7 49. Bf4 1-0

[Event "Olomouc Chess Summer 2012 - Open Olomouc"]
[Site "Olomouc (CZE), Hotel Flora"]
[Date "2012.08.04"]
[Round "3.9"]
[White "Soban, Jaroslav"]
[Black "Piscopo, Pierluigi"]
[Result "0-1"]
[WhiteElo "2150"]
[BlackElo "2364"]
[PlyCount "38"]
[EventDate "2012.08.02"]

1. c4 e5 2. Nc3 Nc6 3. g3 Nf6 4. Bg2 Bc5 5. e3 d5 6. cxd5 Nb4 7. d3 Nbxd5 8. a3
O-O 9. Nge2 Be6 10. O-O Qd7 11. Qc2 Bb6 12. Rd1 Bh3 13. Nxd5 Nxd5 14. d4 Bxg2
15. Kxg2 exd4 16. exd4 Rfe8 17. Nf4 Rad8 18. Qc4 c6 19. Ne2 Qe6 0-1

[Event "Olomouc Chess Summer 2012 - Open Olomouc"]
[Site "Olomouc (CZE), Hotel Flora"]
[Date "2012.08.04"]
[Round "3.11"]
[White "Gagare, Shardul"]
[Black "Blahynka, Martin"]
[Result "0-1"]
[WhiteElo "2287"]
[BlackElo "2145"]
[PlyCount "58"]
[EventDate "2012.08.02"]

1. c4 c5 2. g3 Nc6 3. Bg2 g6 4. Nc3 Bg7 5. a3 e6 6. b4 Nge7 7. Rb1 cxb4 8. axb4
d5 9. cxd5 exd5 10. b5 Ne5 11. d4 Nc4 12. Ra1 Be6 13. e3 O-O 14. Nge2 a6 15.
bxa6 Qb6 16. Ba3 Qxa6 17. Bxe7 Qxa1 18. Bxf8 Bxf8 19. O-O Qa5 20. Qd3 Rc8 21.
Rb1 Bb4 22. Nxd5 Bxd5 23. Bxd5 Qxd5 24. Rxb4 Ne5 25. Rb5 Nf3+ 26. Kh1 Qd7 27.
e4 Rc1+ 28. Nxc1 Qh3 29. Rh5 gxh5 0-1

[Event "Olomouc Chess Summer 2012 - Open Olomouc"]
[Site "Olomouc (CZE), Hotel Flora"]
[Date "2012.08.04"]
[Round "3.12"]
[White "Cagasik, Tomas"]
[Black "Kalousek, Zdenek"]
[Result "1-0"]
[WhiteElo "2266"]
[BlackElo "1974"]
[PlyCount "71"]
[EventDate "2012.08.02"]

1. e4 Nf6 2. Nc3 d5 3. e5 d4 4. exf6 dxc3 5. fxg7 cxd2+ 6. Bxd2 Bxg7 7. Qh5 Qd4
8. c3 Qe4+ 9. Be3 Bg4 10. Qg5 Bf6 11. Qf4 Qxf4 12. Bxf4 e5 13. Be3 Nd7 14. f3
Be6 15. Bb5 a6 16. Ba4 Rg8 17. Kf2 Be7 18. Ne2 O-O-O 19. Rhd1 f5 20. g3 f4 21.
Bxd7+ Bxd7 22. gxf4 Bh4+ 23. Ng3 Rdf8 24. fxe5 Bg4 25. f4 Bxd1 26. Rxd1 Rd8 27.
Rf1 Rd5 28. Kf3 Bxg3 29. hxg3 Kd7 30. Rh1 Rg7 31. Ke4 c6 32. c4 Ra5 33. f5 Rxg3
34. Rxh7+ Ke8 35. Bf4 Rg1 36. f6 1-0

[Event "Olomouc Chess Summer 2012 - Open Olomouc"]
[Site "Olomouc (CZE), Hotel Flora"]
[Date "2012.08.04"]
[Round "3.13"]
[White "Kireev, Aleksei"]
[Black "Zednik, Josef"]
[Result "1/2-1/2"]
[WhiteElo "2345"]
[BlackElo "2040"]
[PlyCount "88"]
[EventDate "2012.08.02"]

1. d4 d5 2. Bg5 h6 3. Bh4 c6 4. c3 Bf5 5. Nf3 Qb6 6. Qb3 Nd7 7. Nbd2 e6 8. e3
Be7 9. Bxe7 Nxe7 10. Be2 O-O 11. O-O Bh7 12. Rfc1 Rac8 13. c4 Rfe8 14. Qa3 a6
15. c5 Qc7 16. b4 e5 17. Qb2 Ng6 18. Nb3 Nf6 19. Bf1 exd4 20. Nbxd4 Ne5 21.
Nxe5 Qxe5 22. Rc3 Be4 23. h3 g5 24. f3 Bg6 25. g4 Nd7 26. Qh2 Kg7 27. Qxe5+
Rxe5 28. Kf2 Nf8 29. Rd1 Ne6 30. Nb3 f5 31. gxf5 Rxf5 32. Be2 Re8 33. a4 Rf7
34. b5 axb5 35. axb5 Bf5 36. Kg3 Rfe7 37. Bd3 Bxd3 38. Rdxd3 Ra8 39. Nd4 Nxd4
40. Rxd4 Kg6 41. Rb4 Rae8 42. Kf2 Rf8 43. bxc6 bxc6 44. Ke2 Re6 1/2-1/2

[Event "Olomouc Chess Summer 2012 - Open Olomouc"]
[Site "Olomouc (CZE), Hotel Flora"]
[Date "2012.08.04"]
[Round "3.15"]
[White "Ageichenko, Genadi A"]
[Black "Meduna-Jun., Eduard"]
[Result "1/2-1/2"]
[WhiteElo "2329"]
[BlackElo "2016"]
[PlyCount "138"]
[EventDate "2012.08.02"]

1. d4 Nf6 2. c4 e6 3. Nc3 d5 4. Nf3 Be7 5. Bg5 h6 6. Bh4 O-O 7. e3 b6 8. Bd3
Bb7 9. O-O c5 10. Qe2 cxd4 11. exd4 dxc4 12. Bxc4 Nbd7 13. Rad1 Rc8 14. Ne5 Nd5
15. Bxd5 Bxd5 16. Bxe7 Qxe7 17. Ng6 fxg6 18. Nxd5 Qd6 19. Nc3 Nf6 20. Rfe1 Rc6
21. Qe5 Rd8 22. h3 Nd5 23. Nb5 Qxe5 24. dxe5 Rc2 25. Nd4 Rxb2 26. Nxe6 Re8 27.
Rxd5 Rxe6 28. a4 Rb4 29. a5 Ra4 30. axb6 axb6 31. Rc1 Re7 32. Rc6 Re4 33. f4
Rxf4 34. Rxb6 Rf5 35. Rbb5 h5 36. h4 Kf7 37. g3 Rc7 38. Rd2 Rc1+ 39. Kg2 Re1
40. Rb7+ Ke6 41. Rxg7 Rfxe5 42. Rxg6+ Kf7 43. Rh6 R1e2+ 44. Rxe2 Rxe2+ 45. Kf3
Re5 46. Kf4 Ra5 47. Rd6 Ra4+ 48. Ke3 Rg4 49. Kf3 Kg7 50. Re6 Ra4 51. Re4 Ra3+
52. Kf4 Kf6 53. Rc4 Ra6 54. Rd4 Rb6 55. Rd5 Rb4+ 56. Kf3 Kg6 57. Rd6+ Kh7 58.
Re6 Rg4 59. Re5 Kh6 60. Re6+ Kh7 61. Re4 Rg6 62. Re5 Kh6 63. Kf4 Rg4+ 64. Kf3
Rg6 65. Rf5 Rg4 66. Rf6+ Kh7 67. Re6 Rg7 68. Re3 Rg4 69. Re5 Kh6 1/2-1/2

[Event "Olomouc Chess Summer 2012 - Open seniorù"]
[Site "Olomouc (CZE), Hotel Flora"]
[Date "2012.08.04"]
[Round "4.1"]
[White "Vorobyov, Yrij"]
[Black "Fiala, Jiri"]
[Result "1-0"]
[WhiteElo "2254"]
[BlackElo "2006"]
[PlyCount "45"]
[EventDate "2012.08.01"]

1. Nf3 c5 2. c4 Nc6 3. d4 cxd4 4. Nxd4 g6 5. e4 Bg7 6. Be3 a6 7. Nc3 e6 8. Nxc6
bxc6 9. Bd4 f6 10. Bc5 Ne7 11. Be2 O-O 12. O-O Re8 13. Qd6 Bf8 14. Qd2 d5 15.
Rfd1 Bb7 16. Rac1 dxe4 17. Qf4 Nd5 18. cxd5 cxd5 19. Bxf8 Rxf8 20. Nxe4 e5 21.
Qe3 d4 22. Qb3+ Bd5 23. Bc4 1-0

[Event "Olomouc Chess Summer 2012 - Open seniorù"]
[Site "Olomouc (CZE), Hotel Flora"]
[Date "2012.08.04"]
[Round "4.2"]
[White "Puobis, Jozef"]
[Black "Frantsuzova, Lyudmila"]
[Result "1-0"]
[WhiteElo "1908"]
[BlackElo "1768"]
[PlyCount "107"]
[EventDate "2012.08.01"]

1. e4 c5 2. Nf3 Nc6 3. Bb5 Nd4 4. Nxd4 cxd4 5. O-O a6 6. Bc4 Qc7 7. d3 g6 8.
Nd2 d6 9. f4 Nf6 10. Nf3 b5 11. Bb3 Qc5 12. Ng5 e6 13. f5 gxf5 14. exf5 exf5
15. Bxf7+ Kd8 16. Be6 Kc7 17. Rxf5 d5 18. Rxf6 Be7 19. Bxc8 Kxc8 20. Qg4+ Kb7
21. Rf7 Rac8 22. Bf4 Ka8 23. Qe6 Rhe8 24. Qxa6+ Qa7 25. Qxb5 Qc5 26. Qa6+ Qa7
27. Qxa7+ Kxa7 28. Bd6 Rxc2 29. Rxe7+ Rxe7 30. Bxe7 h6 31. Nf3 Rxb2 32. Bc5+
Kb7 33. Bxd4 Rc2 34. Rb1+ Kc7 35. Be5+ Kc8 36. a3 Kd7 37. a4 Ra2 38. Rb4 Kc6
39. d4 h5 40. h4 Re2 41. a5 Ra2 42. Rb6+ Kd7 43. a6 Kc8 44. Kh2 Ra3 45. Kg3 Ra2
46. Kf4 Kd7 47. g3 Kc8 48. Kf5 Ra3 49. Nd2 Ra2 50. Nb3 Ra3 51. Nc5 Kd8 52. Kf6
Rf3+ 53. Ke6 Rf6+ 54. Kxf6 1-0

[Event "Olomouc Chess Summer 2012 - Open seniorù"]
[Site "Olomouc (CZE), Hotel Flora"]
[Date "2012.08.04"]
[Round "4.3"]
[White "Prachar, Josef"]
[Black "Travnicek, Petr"]
[Result "1/2-1/2"]
[WhiteElo "1950"]
[BlackElo "2169"]
[PlyCount "50"]
[EventDate "2012.08.01"]

1. d4 Nf6 2. c4 e6 3. Nc3 Bb4 4. a3 Bxc3+ 5. bxc3 b6 6. f3 Bb7 7. e4 d6 8. Bg5
Nbd7 9. Bd3 h6 10. Bh4 g5 11. Bf2 Rg8 12. Qb1 Qe7 13. Ne2 Nh5 14. g4 Nf4 15.
Nxf4 gxf4 16. h4 e5 17. h5 f6 18. Qb5 O-O-O 19. Be2 Rde8 20. c5 dxc5 21. d5 Nb8
22. Qa4 a6 23. O-O-O Rd8 24. Rd2 Rd6 25. c4 a5 1/2-1/2